| 000 | 00996nam a2200301Ia 4500 | ||
|---|---|---|---|
| 003 | OSt | ||
| 005 | 20221007123117.0 | ||
| 006 | a|||||r|||| 00| 0 | ||
| 007 | ta | ||
| 008 | 221006b |||||||| |||| 00| 0 eng d | ||
| 020 | _a9783319550220 (pbk) | ||
| 024 | _a200546 | ||
| 037 |
_b3823, 13/02/2019, The Book Seller _cTextual |
||
| 040 |
_aPAPL _cPAPL _beng |
||
| 041 |
_2eng _aeng |
||
| 082 | _aB316-6, Q7 Carpa | ||
| 100 |
_aProdan Emil _9716513 |
||
| 245 | 0 | _aComputational non-commutative geometry program for disordered topological insulators | |
| 260 |
_aSwitzerland _bSpringer _c2017 |
||
| 300 |
_ax, 118p. ill. _ccm. |
||
| 490 | _aSpringer briefs in mathematics physics 23 | ||
| 500 | _aInclude references | ||
| 650 |
_a Electron dynamics _9716514 |
||
| 650 |
_a Non commutative brillouin torus _9716515 |
||
| 650 | _aPhysics | ||
| 942 |
_hB316-6, Q7 Carpa _cTEXL _2CC |
||
| 999 |
_c1211394 _d1211394 |
||